Modifikácia štruktúry a vlastností ílových minerálov v kyslom a alkalickom prostredí

Na minha lista:
Detalhes bibliográficos
Autor principal: Pentrák, Martin
Formato: Livro
Idioma:eslovaco
Publicado em: Bratislava STU FCHPT 2008
Acesso em linha:View in OPAC
Tags: Adicionar Tag
Sem tags, seja o primeiro a adicionar uma tag!

MARC

LEADER 00000nam a2200000 a 4500
005 20260127134331.0
008 081028 2008 xo 000 0 slo d
035 |a vtls009353706 
039 9 |y 200810280721  |z mschk03 
040 |a STUSCHK1  |b slo  |c STUSCHK1  |e AACR2 
100 1 |a Pentrák, Martin 
245 1 |a Modifikácia štruktúry a vlastností ílových minerálov v kyslom a alkalickom prostredí  |c Martin Pentrák 
260 |a Bratislava  |b STU FCHPT  |c 2008 
300 |a 113 s.  |b il.  |c 30 cm 
500 |a Obháj.: 18.9. 2008 
500 |a Študijný program: Anorganická technológia a materiály 
500 |a Študijný odbor: 5.2.19 Anorganická technológia a materiály 
910 |a SCHK95 
999 |c 10094  |d 10094